Writings and speeches of Sir Syed Ahmad Khan / (Record no. 125587)

MARC details
000 -LEADER
fixed length control field 00692nam a22002297a 4500
005 - DATE AND TIME OF LATEST TRANSACTION
control field 20170124105957.0
010 ## - LIBRARY OF CONGRESS CONTROL NUMBER
LC control number 690693
020 ## - INTERNATIONAL STANDARD BOOK NUMBER
Terms of availability 00.00
035 ## - SYSTEM CONTROL NUMBER
System control number 690693
037 ## - SOURCE OF ACQUISITION
Source of stock number/acquisition Cen Lib/Ret
040 ## - CATALOGING SOURCE
Original cataloging agency DPL
Language of cataloging EN
082 ## - DEWEY DECIMAL CLASSIFICATION NUMBER
Classification number 040
Item number WRI
245 ## - TITLE STATEMENT
Title Writings and speeches of Sir Syed Ahmad Khan /
Statement of responsibility, etc compiled and edited by Shan Mohammad
260 ## - PUBLICATION, DISTRIBUTION, ETC. (IMPRINT)
Place of publication, distribution, etc Bombay
Name of publisher, distributor, etc Nachiketa Publications
Date of publication, distribution, etc 1972
270 ## - ADDRESS
Address 5 Kasturi Buildings, J. Tata Road
City Bombay
300 ## - PHYSICAL DESCRIPTION
Extent xii,272p.
Dimensions 21cm(Hb)
500 ## - GENERAL NOTE
General note Includes index
650 ## - SUBJECT ADDED ENTRY--TOPICAL TERM
Topical term or geographic name as entry element Political science
9 (RLIN) 87284
650 ## - SUBJECT ADDED ENTRY--TOPICAL TERM
Topical term or geographic name as entry element Islam and politics
9 (RLIN) 87285
700 ## - ADDED ENTRY--PERSONAL NAME
Personal name Mohammad, Shan
9 (RLIN) 14851
942 ## - ADDED ENTRY ELEMENTS (KOHA)
Source of classification or shelving scheme Dewey Decimal Classification
Koha item type English Books
Classification part 040
Call number suffix WRI
Holdings
Withdrawn status Lost status Damaged status Not for loan Home library Current library Date acquired Source of acquisition Cost, normal purchase price Total Checkouts Full call number Barcode Date last seen Date checked out Copy number Cost, replacement price Price effective from Koha item type
        Central Library Central Library 22/06/2015 Cen Lib/Ret 0.00 1 040 WRI 690693 06/12/2021 20/11/2021 1 0.00 22/06/2015 English Books

© Delhi Public Library
Hit Counter
free hit counter